Länder, die Istanbul kontrollierten - Statistiken

Allgemein
  • Dieses Quiz wurde 27 mal gespielt
    19 seit der letzten Aktualisierung
  • Das Durchschnittsergebnis liegt bei 7 aus 13
Antwortstatistiken
Zeit Land / Reich / Zivilisation % Korrekt
1922-heute Türkei
100%
1453-1922 Osmanisches Reich
94%
196-27 v.Chr. Römische Republik
94%
27 v.Chr.-267 n.Chr. Römisches Kaiserreich
94%
267-395 Römisches Kaiserreich
94%
395-1204 Byzantinisches Reich
82%
1261-1453 Byzantinisches Reich
82%
513-479 v.Chr. Achämenidenreich
35%
411-408 v.Chr. Sparta
29%
202-196 v.Chr. Makedonien
12%
667-513 v.Chr. Megara
6%
267 Heruler
0%
1204-1261 Lateinisches Kaiserreich
0%
Keine übereinstimmenden Quizze gefunden
Verteilung der Resultate
Anzahl Personen mit jedem Resultat
Perzentil nach korrekt beantworteten Fragen
Ihre Resultats-Entwicklung
Sie haben dieses Quiz seit der letzten Aktualisierung nicht gespielt